000 00639nam a2200217Ia 4500
005 20250508164955.0
008 008 250505s9999 xx 000 0 eng d
037 _aTextual
040 _aFEDL
_beng
_cFEDL
041 _aeng
_2eng
084 _a372.5, KEY
_qFEDL
100 _aKey Paul
_9779613
245 0 _aTeaching primary art and design.
260 _aExeter, UK
_bLearning Matters Ltd.
_c2009
300 _avi,162p.
365 _aGBP
_b17
546 _aAchieving QTS meeting the professional standerds framework.
700 _a Stillman Jayne
_9779614
942 _cTEXL
_h372.5, KEY
999 _c1392422
_d1392422